| 000 | 00613cam a2200193 a 4500 | ||
|---|---|---|---|
| 020 | _a0132554348 | ||
| 020 | _a9780132554343 | ||
| 082 | 0 | 0 |
_a526.9 _bGHI |
| 100 | 1 |
_aGhilani, Charles D. _919392 |
|
| 245 | 1 | 0 |
_aElementary surveying : _ban introduction to geomatics / _cCharles D. Ghilani, Paul R. Wolf. |
| 250 | _a13th ed. | ||
| 260 |
_aUpper Saddle River, N.J. : _bPearson Prentice Hall, _cc2012. |
||
| 300 |
_axix, 958 p. : _bill., maps ; _c24 cm. |
||
| 526 |
_a0 _b0 _c0 _d526_900000000000000_GHI |
||
| 650 | 0 |
_aGeomatics. _919393 |
|
| 650 | 0 | _aSurveying. | |
| 700 | 1 |
_aWolf, Paul R. _919394 |
|
| 942 |
_2ddc _cBK |
||
| 999 |
_c553726 _d553726 |
||